Lectures on Ephesians. (Record no. 5843)

000 -LEADER
fixed length control field 00559nam a2200181 a 4500
001 - CONTROL NUMBER
control field :::00003585$&:&@@
003 - CONTROL NUMBER IDENTIFIER
control field OkBaRHE
005 - DATE AND TIME OF LATEST TRANSACTION
control field 20000607103308.0
008 - FIXED-LENGTH DATA ELEMENTS--GENERAL INFORMATION
fixed length control field s1937 j 000 0 eng u
040 ## - CATALOGING SOURCE
Transcribing agency
100 1# - MAIN ENTRY--PERSONAL NAME
Personal name Talbot, Louis T.
245 10 - TITLE STATEMENT
Title Lectures on Ephesians.
260 ## - PUBLICATION, DISTRIBUTION, ETC. (IMPRINT)
Place of publication, distribution, etc Wheaton, IL., :
Name of publisher, distributor, etc Van Kampen Press
Date of publication, distribution, etc c1937
300 ## - PHYSICAL DESCRIPTION
Extent 172 p. : charts ;
Dimensions 21 cm.
650 ## - SUBJECT ADDED ENTRY--TOPICAL TERM
Topical term or geographic name as entry element Bible New Testament Ephesians
General subdivision Commentaries
942 ## - ADDED ENTRY ELEMENTS (KOHA)
Source of classification or shelving scheme
Koha item type Books
Copies
Lost status Permanent Location Koha item type Damaged status Shelving location Not for loan Withdrawn status Full call number Date last seen Source of classification or shelving scheme Date acquired Copy number Barcode Price effective from
 RHEMA Bible Training CollegeBooks General Stacks  BS 2695 .T32018-04-03 2010-04-14135852010-04-14